000 00928cam a2200301 a 4500
999 _c378
_d378
001 14946804
003 OSt
005 20190808101323.0
008 011008s2001 enka 001 0 eng
015 _aGBA1-X1136
020 _a0751334413
020 _a9780751334418
040 _aUKM
_cUKM
082 0 4 _a743.49 SIM
100 1 _aSimblet, Sarah.
_eauthor
245 1 0 _aAnatomy for the artist /
_cSarah Simblet ; photography by John Davis.
260 _aLondon :
_bDorling Kindersley,
_c2001.
300 _a255 p. :
_bill. (some col.) ;
_c30 cm.
504 _aIncludes bibliographical references and index.
650 0 _aAnatomy, Artistic
_vPictorial works.
650 0 _aHuman figure in art.
650 0 _aHuman figure in art
_vPictorial works.
650 0 _aFigure drawing.
650 0 _aFigure drawing
_vPictorial works.
650 0 _aAnatomy, Artistic.
700 1 _aDavis, John.
_ePhotographer
942 _2ddc
_cNFIC